000 003190000a22001450004500
003 MACL
040 _aMACL
090 _c5446
_d5445
100 _aBahree, Patricia
245 _aHinduism
_bDictionary of World Religion
260 _bBatsford Educational
_c1984
350 _a65
650 _aReligion
942 _cBOOK
_k294
999 _c5404
_d5404